Statistiques concernant Langues officielles de l'ONU

Cliquez ici pour prendre le quiz!

Statistiques générales

  • Ce quiz a été pris 9,882 fois
  • Le résultat moyen est 5 sur 6

Statistiques - réponses

Langue % Correct
Anglais
100%
Français
100%
Espagnol
97%
Mandarin
95%
Russe
82%
Arabe
74%

Distribution des résultats

Percentile par nombre de réponses

% des personnes avec chaque résultat

Votre développement - résultats

Vous n’avez pas pris ce quiz